Verbal Ability and Reading Comprehension for CAT/ (Record no. 207109)

MARC details
000 -LEADER
fixed length control field 00890nam a22002057a 4500
005 - DATE AND TIME OF LATEST TRANSACTION
control field 20241128110207.0
010 ## - LCCN (DPL NO)
LC control number ENG-142699
020 ## - INTERNATIONAL STANDARD BOOK NUMBER
Terms of availability 735.00
International Standard Book Number 9789361598623
035 ## - SYSTEM CONTROL NUMBER
System control number EN-126231
037 ## - SOURCE OF ACQUISITION
Source of stock number/acquisition DBAD
082 ## - DEWEY DECIMAL CLASSIFICATION NUMBER
Classification number 000
Edition number 6
100 ## - MAIN ENTRY--PERSONAL NAME
Personal name Sinha, Nishit K.
245 ## - TITLE STATEMENT
Title Verbal Ability and Reading Comprehension for CAT/
Statement of responsibility, etc By Nishit K. Sinha
250 ## - EDITION STATEMENT
Edition statement 6
260 ## - PUBLICATION, DISTRIBUTION, ETC. (IMPRINT)
Place of publication, distribution, etc Uttar Pradesh
Name of publisher, distributor, etc Pearson India Education Pvt Ltd
Date of publication, distribution, etc 2025
270 ## - ADDRESS
City Uttar Pradesh
Address 1st FLoor, Berger Tower, Plot No. C-001A/2, Sector-16B, Noida
Postal code 201301
300 ## - PHYSICAL DESCRIPTION
Extent vpp.
Dimensions 25cm(pb)
Other physical details Index
500 ## - GENERAL NOTE
General note Useful for MBA Entrance Examinations like SNAP, XAT, IIFT | Includes So... Verbal Ability and Reading Comprehension for CAT | Useful for MBA Entrance Examinations like SNAP, XAT, IIFT | Includes Solutions and Explanations of CAT 2023 Paper:
942 ## - ADDED ENTRY ELEMENTS (KOHA)
Source of classification or shelving scheme Dewey Decimal Classification
Item type English Books
Classification part 000
Call number suffix SIN
Edition 6
Holdings
Withdrawn status Lost status Not for loan Collection code Home library Current library Date acquired Source of acquisition Cost, normal purchase price Full call number Barcode Copy number Cost, replacement price Koha item type
      Non-fiction Central Library Central Library 28/11/2024 Delivery of Books Act Division 735.00 000 SIN EN-126231 1 735.00 English Books

© Delhi Public Library
Hit Counter
free hit counter